000 00278nam a22001217a 4500
008 180423b xxu||||| |||| 00| 0 eng d
041 _aeng
080 _a043.3
100 _a0
101 _aARK-BTH
245 _aInstitucion parafillor- çerdhe
_cRamadani, J
942 _2udc
_cBK
999 _c45430
_d45430